000 00745nam a2200205 i 4500
001 31565
003 ES-MaACL
005 20250728030702.0
007 t|
008 030129s1977 sp ||||1| spa d
100 1 _aBeneyto, Juan.
_927558
245 1 3 _aEl doctor Sapena
_b: notas y documentos /
_cJuan Beneyto.
260 _aAlicante :
_b[Caja de Ahorros Provincial],
_c1977.
300 _a109 p., 9 lám. ;
_c22 cm.
490 1 _aPublicaciones de la Caja de Ahorros Provincial de la Excma. Diputación de Alicante ;
_v44
600 0 4 _aSapena y Escolano, Adolfo.
_9103710
830 0 0 _aPublicaciones de la Caja de Ahorros Provincial de Alicante
_v44
_9186986
852 _aES-MaACL
_jA-7592
_bR.96918
999 _c31565
_d31565